000 01059am a2200361a 44500
003 AR-BaBNM
005 20251128211123.0
008 112120s2001 #AR|||||||||||000 | esp||
020 _a950-23-1152-3
040 _cAR-BaBNM
100 1 _aGallo, Edit Rosalía
245 1 0 _aLas mujeres en el radicalismo argentino, 1890-1991
260 _aBuenos Aires
_bEudeba
_c2001
300 _a194 p.
490 0 _aTemas. Historia
600 1 4 _aRawson de Dellepiane, Elvira
600 1 4 _aCoutouné, María Luisa
600 1 4 _aFrugoni, Juan José
600 1 4 _aSabattini de Barón Biza, Rosa Clotilde
600 1 4 _aGómez Miranda, María Florentina
600 1 4 _aMerciadri de Morini, María Teresa
610 2 4 _aUnión Cívica Radical [Argentina]
650 4 _aDEMOCRACIA
650 4 _aPARTIDOS POLITICOS ARGENTINOS
650 4 _aREVOLUCION DE 1890
650 4 _aREVOLUCIONES RADICALES
650 4 _aHISTORIA POLITICA
650 4 _aHISTORIA DE LAS IDEAS
650 4 _aMUJERES
650 4 _aSIGLO VEINTE
942 _cBK
998 _cmariana
999 _c18318
_d18318